000 00316nam a22001457a 4500
003 SGT
020 _a97893331317445
082 _a340,NAG
100 _aNAG CHAUDHURI,B.D.
245 _aTHE GLOBAL ENVIROMENT MOVEMENT
260 _aNEW DELHI
_bAPH
_c2013
300 _a69
650 _aENVIROMENT
942 _2ddc
_cBK
999 _c11032
_d11032